000 00389nam a2200145Ia 4500
008 151213s9999 xx 000 0 und d
100 _aLiz & John Soars
245 _aNew headway English course(intermediate)
_cLiz & John Soars
260 _bOxford University
300 _a882 p.
650 _a English Language
650 _aEnglish Language
700 _aLiz & John Soars
999 _c972
_d972